My utmost for His highest : (Record no. 10563)
[ view plain ]
| 000 -LEADER | |
|---|---|
| fixed length control field | 00893cam a2200301Ia 4500 |
| 001 - CONTROL NUMBER | |
| control field | 20304479 |
| 003 - CONTROL NUMBER IDENTIFIER | |
| control field | OCoLC |
| 005 - DATE AND TIME OF LATEST TRANSACTION | |
| control field | 20210225152043.0 |
| 008 - FIXED-LENGTH DATA ELEMENTS--GENERAL INFORMATION | |
| fixed length control field | 890906s1963 nju 001 0 eng d |
| 020 ## - INTERNATIONAL STANDARD BOOK NUMBER | |
| International Standard Book Number | 1557480737 |
| 020 ## - INTERNATIONAL STANDARD BOOK NUMBER | |
| International Standard Book Number | 9781557480736 |
| 020 ## - INTERNATIONAL STANDARD BOOK NUMBER | |
| International Standard Book Number | 0916441423 |
| 020 ## - INTERNATIONAL STANDARD BOOK NUMBER | |
| International Standard Book Number | 9780916441425 |
| 035 ## - SYSTEM CONTROL NUMBER | |
| System control number | (OCoLC)20304479 |
| Canceled/invalid control number | (OCoLC)70503219 |
| 040 ## - CATALOGING SOURCE | |
| Original cataloging agency | OCO |
| Language of cataloging | eng |
| Transcribing agency | OCO |
| Modifying agency | MSV |
| -- | OCLCQ |
| -- | NZAUC |
| -- | OCLCG |
| -- | CN4X3 |
| -- | HNW |
| -- | OCLCQ |
| 050 ## - LIBRARY OF CONGRESS CALL NUMBER | |
| Item number | C444M |
| 082 ## - DEWEY DECIMAL CLASSIFICATION NUMBER | |
| Item number | C444M |
| 092 ## - LOCALLY ASSIGNED DEWEY CALL NUMBER (OCLC) | |
| Classification number | 242.2 |
| Item number | C445u, 1963 |
| 100 1# - MAIN ENTRY--PERSONAL NAME | |
| Personal name | Chambers, Oswald, |
| Dates associated with a name | 1874-1917. |
| 245 10 - TITLE STATEMENT | |
| Title | My utmost for His highest : |
| Remainder of title | selections for the year : the golden book of Oswald Chambers. |
| 260 ## - PUBLICATION, DISTRIBUTION, ETC. | |
| Place of publication, distribution, etc. | Westwood, NJ : |
| Name of publisher, distributor, etc. | Barbour, |
| Date of publication, distribution, etc. | c1963. |
| 300 ## - PHYSICAL DESCRIPTION | |
| Extent | 278 p. ; |
| Dimensions | 23 cm. |
| 490 1# - SERIES STATEMENT | |
| Series statement | Christian library |
| 500 ## - GENERAL NOTE | |
| General note | Includes indexes. |
| 650 #0 - SUBJECT ADDED ENTRY--TOPICAL TERM | |
| Topical term or geographic name entry element | Devotional calendars. |
| 830 #0 - SERIES ADDED ENTRY--UNIFORM TITLE | |
| Uniform title | Christian library. |
| 942 ## - ADDED ENTRY ELEMENTS (KOHA) | |
| Source of classification or shelving scheme | Dewey Decimal Classification |
| Koha item type | Books |
No items available.
